Revista Arte & Cultura/ (Record no. 4195)
[ view plain ]
| 000 -LEADER | |
|---|---|
| campo de control de longitud fija | 01127nam a22002777a 4500 |
| 003 - IDENTIFICADOR DE NÚMERO DE CONTROL | |
| campo de control | OSt |
| 005 - FECHA Y HORA DE LA ÚLTIMA TRANSACCIÓN | |
| campo de control | 20230823140413.0 |
| 008 - DATOS DE LONGITUD FIJA--INFORMACIÓN GENERAL | |
| campo de control de longitud fija | 221006b |||||||| |||| 00| 0 eng d |
| 040 ## - FUENTE DE CATALOGACIÓN | |
| Centro/agencia transcriptor | Biblioteca Lado V |
| 082 ## - NÚMERO DE LA CLASIFICACIÓN DECIMAL DEWEY | |
| Número de clasificación | 700 |
| Número de ítem | J88r |
| 100 ## - ENTRADA PRINCIPAL--NOMBRE DE PERSONA | |
| 9 (RLIN) | 961 |
| Nombre de persona | Joya, Olga |
| Término indicativo de función/relación | directora |
| 245 ## - MENCIÓN DEL TÍTULO | |
| Título | Revista Arte & Cultura/ |
| Resto del título | Centro de Arte y Cultura UNAH/ |
| 260 ## - PUBLICACIÓN, DISTRIBUCIÓN, ETC. | |
| Fecha de publicación, distribución, etc. | 2016 |
| Nombre del editor, distribuidor, etc. | Universidad Nacional Autónoma de Honduras |
| Lugar de publicación, distribución, etc. | Honduras |
| 300 ## - DESCRIPCIÓN FÍSICA | |
| Dimensiones | 21.5x30cm |
| Extensión | 104p. |
| 490 ## - MENCIÓN DE SERIE | |
| Mención de serie | 1 |
| Designación de volumen o secuencia | III |
| 505 ## - NOTA DE CONTENIDO CON FORMATO | |
| Título | Huellas de Teatro en la UNAH |
| 505 ## - NOTA DE CONTENIDO CON FORMATO | |
| Título | De la contorsión que transforma a un meneo acompasado de la cintura |
| 505 ## - NOTA DE CONTENIDO CON FORMATO | |
| Título | Narrativas coreográficas sin registro |
| 505 ## - NOTA DE CONTENIDO CON FORMATO | |
| Título | Actualidad del Teatro Centroamericano |
| 505 ## - NOTA DE CONTENIDO CON FORMATO | |
| Título | La formación de artistas profesionales en la universidad de San Carlos de Guatemala |
| 650 ## - PUNTO DE ACCESO ADICIONAL DE MATERIA--TÉRMINO DE MATERIA | |
| Fuente del encabezamiento o término | Tesauro de Arte & Arquitectura |
| Término de materia o nombre geográfico como elemento de entrada | ARTE |
| 650 ## - PUNTO DE ACCESO ADICIONAL DE MATERIA--TÉRMINO DE MATERIA | |
| Fuente del encabezamiento o término | Tesauro de Arte & Arquitectura |
| Término de materia o nombre geográfico como elemento de entrada | CULTURA |
| 9 (RLIN) | 702 |
| 650 ## - PUNTO DE ACCESO ADICIONAL DE MATERIA--TÉRMINO DE MATERIA | |
| Fuente del encabezamiento o término | Tesauro de Arte & Arquitectura |
| Término de materia o nombre geográfico como elemento de entrada | SOCIEDAD |
| 9 (RLIN) | 703 |
| 650 ## - PUNTO DE ACCESO ADICIONAL DE MATERIA--TÉRMINO DE MATERIA | |
| Fuente del encabezamiento o término | Tesauro de Arte & Arquitectura |
| Término de materia o nombre geográfico como elemento de entrada | UNIVERSIDAD NACIONAL AUTONOMA DE HONDURAS |
| 942 ## - ELEMENTOS DE ENTRADA SECUNDARIOS (KOHA) | |
| Fuente del sistema de clasificación o colocación | Clasificación Decimal Dewey |
| Tipo de ítem Koha | Libros |
| Parte de la signatura que corresponde a la clasificación (Parte de la clasificación) | 700 |
| Parte de la signatura que identifica el ejemplar (Parte del ítem) | J88r |
| Suprimir en OPAC | No |
| Estatus retirado | Estado de pérdida | Fuente del sistema de clasificación o colocación | Especificación de materiales (volumen encuadernado u otra parte) | Estado de daño | No para préstamo | Colección | Biblioteca de origen | Biblioteca actual | Fecha de adquisición | Enumeración/cronología de publicación seriada | Número de inventario | Total de préstamos | Signatura topográfica completa | Código de barras | Visto por última vez | Precio de reemplazo | Tipo de ítem Koha |
|---|---|---|---|---|---|---|---|---|---|---|---|---|---|---|---|---|---|
| Clasificación Decimal Dewey | III | Revistas | Biblioteca LadoV | Biblioteca LadoV | 23/08/2023 | 1 | 005177 | 700 J88r | 005177 | 23/08/2023 | 23/08/2023 | Libros |
